000 00297nam a2200109Ia 4500
001 1272409
005 20260417151428.0
008 260417s9999 xx 000 0 und d
020 _a9786256309937
245 0 _aDenge ve Asa Yedi Gök Seyyahları
_cElif Canıbek Kesikoğlu
260 _bKetebe Genç
999 _c1272409
_d1272409